000 00665nam a2200253Ia 4500
003 OSt
005 20221006145132.0
006 a|||||r|||| 00| 0
007 ta
008 221006b |||||||| |||| 00| 0 eng d
020 _c
_4.95
024 _a13,888
037 _cTextual
040 _aEASL
_cEASL
_beng
041 _2eng
_aeng
082 _aV73:19.4.N67, K8
100 _aREISCHAUER Edwin O
245 0 _aBeyond Vietnam
_b United States and Asia
260 _aNew York
_bAlfred A Knopf
_c1968
300 _a242p.
_ccm.
490 _v Oth
942 _hV73:19.4.N67, K8
_cTEXL
_2CC
999 _c1081974
_d1081974